00622nam a22002057a 450000500170000001000150001702000260003203500140005803700090007208200130008110000200009424500550011426000550016927000870022430000270031170000190033870000160035770000200037370000230039320220218143216.0 aENG-131677 a9788195267897c172.00 aEN-115209 bDBAD a306.0554 aPrasad, D. Hari aIndian Culture and Science/cD. Hari Prasad et.al. aHyderabadbSunRaise International Publishersc2021 a# 326/C, Level-2, Surneni Nilayam Near B K Guda Park, S R NagarbHyderabade500038 aviii, 176p.c23cm(pbk) aJayasankar, K. aSrinadh, P. aGowrisankar, B. aNaidu, R. Rajgopal